000 00524nam a2200217Ia 4500
008 220216s9999 xx 000 0 und d
100 _aMohinder Singh M
245 0 _aUse of RRIM analytical services
260 _bPlanters Bulletin
_c1984
300 _a87-103
650 _aDry rubber analysis
650 _aFertiliser analysis
650 _aLatex analysis
650 _aSampling
700 _aFah L P
700 _aHuat T K
700 _aKian L C
700 _aKwong S P
700 _aMing Y W
942 _cJS
999 _c71931
_d71931